[Event "Mazowiec-chT 1314"]
[Site "Poland"]
[Date "2014.01.12"]
[Round "2.9"]
[White "Parczewski, Janusz"]
[Black "Musiatowicz, Przemyslaw"]
[Result "1/2-1/2"]
[WhiteElo "1950"]
[BlackElo "1781"]
[PlyCount "109"]
[EventDate "2014.01.12"]
[EventType "team-tourn"]
[EventRounds "10"]
[EventCountry "POL"]
[SourceTitle "EXT 2019"]
[Source "ChessBase"]
[SourceDate "2018.10.10"]
[SourceVersion "1"]
[SourceVersionDate "2018.10.10"]
[SourceQuality "1"]

1. Nf3 Nf6 2. b3 d5 3. Bb2 Bg4 4. Ne5 Bf5 5. d3 e6 6. g3 Be7 7. Bg2 Nbd7 8. 0-0 0-0 9. Nd2 Nxe5 10. Bxe5 c5 11. e4 Bg6 12. Qe2 Nd7 13. Nf3 d4 14. Bf4 Bh5 15. Qe1 Bxf3 16. Bxf3 e5 17. Bc1 Bg5 18. Ba3 Re8 19. Bg4 b6 20. f4 exf4 21. gxf4 Bh6 22. Qg3 Nf8 23. Rae1 Ng6 24. Bc1 Qh4 25. Qf3 Rad8 26. Re2 Qe7 27. Qg3 Nh4 28. Ref2 Kh8 29. Bh3 Rg8 30. f5 Bxc1 31. Rxc1 g5 32. Bg4 f6 33. Re1 Rde8 34. Bh5 Rd8 35. e5 Rd5 36. Rfe2 fxe5 37. Rxe5 Rxe5 38. Qxe5+ Qxe5 39. Rxe5 g4 40. Kf2 Rg5 41. Kg3 Nxf5+ 42. Kf4 Rxh5 43. Rxf5 Rxh2 44. Kxg4 Rxc2 45. Rf7 Rxa2 46. Kf3 h5 47. Ke4 h4 48. Rf4 Rh2 49. Kd5 Kg7 50. Kc6 Rh3 51. b4 Rxd3 52. bxc5 bxc5 53. Kxc5 Kg6 54. Rxh4 a5 55. Rxd4 1/2-1/2

[Event "POL-chT3 Mazowiecki"]
[Site "Warsaw"]
[Date "2011.03.06"]
[Round "7.27"]
[White "Musiatowicz, Przemyslaw"]
[Black "Nojszewski, Adam"]
[Result "1/2-1/2"]
[WhiteElo "1866"]
[BlackElo "1939"]
[PlyCount "67"]
[EventDate "2011.01.09"]
[EventType "team-tourn"]
[EventRounds "10"]
[EventCountry "POL"]
[SourceTitle "EXT 2015"]
[Source "ChessBase"]
[SourceDate "2014.11.20"]
[SourceVersion "1"]
[SourceVersionDate "2014.11.20"]
[SourceQuality "1"]
[WhiteTeam "Siedlce KSz Skoczek"]
[BlackTeam "Piastow Roszmeni"]
[WhiteTeamCountry "POL"]
[BlackTeamCountry "POL"]

1. e4 e6 2. d4 d5 3. e5 c5 4. Qg4 Nc6 5. Nf3 cxd4 6. Bd3 Nge7 7. 0-0 Qc7 8. Re1 Ng6 9. Qg3 Nb4 10. Nxd4 Nxd3 11. cxd3 Bd7 12. a3 Rc8 13. Nd2 Qb6 14. Qe3 Bc5 15. N2b3 Qxb3 16. Nxb3 Bxe3 17. Rxe3 Rc7 18. d4 b6 19. Rc3 Rxc3 20. bxc3 Ke7 21. Be3 Rc8 22. Rc1 Bb5 23. Nd2 Kd7 24. f4 Ne7 25. g4 g6 26. Kf2 Nc6 27. c4 Bxc4 28. Nxc4 dxc4 29. Rxc4 Ne7 30. Rxc8 Kxc8 31. Kf3 Kd7 32. Ke4 Nd5 33. Bd2 Kc6 34. f5 1/2-1/2

[Event "Mazowiec-chT op 0910"]
[Site "Mazowsze"]
[Date "2010.01.31"]
[Round "5.6"]
[White "Musiatowicz, Przemyslaw"]
[Black "Jarmula, Lukasz"]
[Result "0-1"]
[WhiteElo "1909"]
[BlackElo "1576"]
[PlyCount "102"]
[EventDate "2009.11.29"]
[EventType "team-tourn"]
[EventRounds "10"]
[EventCountry "POL"]
[SourceTitle "EXT 2011"]
[Source "ChessBase"]
[SourceDate "2010.11.26"]
[SourceVersion "1"]
[SourceVersionDate "2010.11.26"]
[SourceQuality "1"]

1. e4 c5 2. Nf3 Nc6 3. d4 cxd4 4. Nxd4 Nf6 5. Nc3 e5 6. Ndb5 d6 7. a4 a6 8. Na3 Be6 9. Be2 Be7 10. 0-0 0-0 11. Be3 Qd7 12. Nc4 Bxc4 13. Bxc4 Kh8 14. h3 Rac8 15. Be2 d5 16. exd5 Nb4 17. Bf3 e4 18. Bxe4 Nxe4 19. Nxe4 Nxc2 20. Rc1 Nxe3 21. fxe3 Rxc1 22. Qxc1 Qxd5 23. Nc3 Qe5 24. Rf3 Bc5 25. Kh1 f5 26. Qd2 Re8 27. Qd7 f4 28. e4 Re7 29. Qc8+ Re8 30. Qxb7 Qd4 31. Rf1 Qd3 32. Rd1 Qg3 33. Qc6 Rg8 34. Qxc5 f3 35. Qg1 f2 36. Qf1 Rf8 37. e5 g5 38. e6 Qe5 39. Qxa6 g4 40. Qe2 Qxe2 41. Nxe2 f1Q+ 42. Rxf1 Rxf1+ 43. Kh2 Re1 44. Nd4 gxh3 45. Kxh3 Kg8 46. Kg4 Re4+ 47. Kf5 Rxd4 48. b3 Rb4 49. Kf6 Rxb3 50. a5 Kf8 51. g4 Ra3 0-1

[Event "Mazowiec-chT op"]
[Site "Mazowsze"]
[Date "2009.02.15"]
[Round "3"]
[White "Musiatowicz, Przemyslaw"]
[Black "Lasota, Adam"]
[Result "1-0"]
[WhiteElo "1909"]
[BlackElo "1773"]
[PlyCount "129"]
[EventDate "2009.01.11"]
[EventType "team-tourn"]
[EventRounds "10"]
[EventCountry "POL"]
[SourceTitle "EXT 2013"]
[Source "ChessBase"]
[SourceDate "2012.11.22"]
[SourceVersion "1"]
[SourceVersionDate "2012.11.22"]
[SourceQuality "1"]

1. e4 c5 2. Nf3 e6 3. d4 cxd4 4. Nxd4 Nc6 5. Nc3 Qc7 6. Ndb5 Qb8 7. Be3 a6 8. Nd4 Nf6 9. a3 Be7 10. Be2 0-0 11. 0-0 Rd8 12. f4 d5 13. e5 Nd7 14. Qe1 Nxd4 15. Bxd4 Bc5 16. Qf2 Qc7 17. Rad1 b5 18. Bxc5 Nxc5 19. f5 Nb7 20. Qd4 Qc5 21. Bg4 Bd7 22. fxe6 Qxd4+ 23. Rxd4 fxe6 24. Rdf4 Na5 25. Rf7 Bc8 26. Rc7 Rf8 27. Rxc8 Raxc8 28. Bxe6+ Kh8 29. Bxc8 Rxc8 30. Nxd5 Nc6 31. Nb6 Re8 32. Nd7 h6 33. Re1 Re7 34. Nc5 Nxe5 35. Re4 a5 36. Kf2 Rf7+ 37. Ke2 Nc4 38. Nd3 a4 39. Ne5 Rb7 40. Nxc4 bxc4 41. Rxc4 Rxb2 42. Kd3 Rb1 43. Rxa4 Rg1 44. Rg4 Rd1+ 45. Kc3 Kg8 46. a4 Kf7 47. a5 Ra1 48. Kb4 Rb1+ 49. Kc5 Ra1 50. Kb5 g5 51. a6 Ke6 52. Rd4 Ra2 53. Rd2 Rb2+ 54. Kc6 Ra2 55. Kb7 Rb2+ 56. Ka8 h5 57. a7 h4 58. Rd8 Ke7 59. Rb8 Rxc2 60. Rb5 Kd7 61. Kb7 Rc7+ 62. Kb6 Rc6+ 63. Ka5 Rc2 64. Rxg5 Kc6 65. a8Q+ 1-0